[Event "CRO-chT1A 29th"]
[Site "Mali Losinj"]
[Date "2021.10.01"]
[Round "7.1"]
[White "Galic, Ivan"]
[Black "Stevic, Hrvoje"]
[Result "1/2-1/2"]
[WhiteElo "2428"]
[BlackElo "2577"]
[PlyCount "50"]
[EventDate "2021.09.25"]
[EventType "team-tourn"]
[EventRounds "9"]
[EventCountry "CRO"]
[SourceTitle "CBM 204 Extra"]
[Source "ChessBase"]
[SourceDate "2021.11.30"]
[SourceVersion "1"]
[SourceVersionDate "2021.11.30"]
[SourceQuality "1"]
[WhiteTeam "Sesvete Agroproteinka"]
[BlackTeam "Zagreb Zagreb"]
[WhiteTeamCountry "CRO"]
[BlackTeamCountry "CRO"]

1. d4 d5 2. c4 dxc4 3. e4 Nf6 4. e5 Nd5 5. Bxc4 Nb6 6. Bd3 Nc6 7. Be3 Nb4 8. Be4 f5 9. a3 N4d5 10. Bf3 c6 11. Ne2 Be6 12. Nbc3 Nxc3 13. Nxc3 Bc4 14. b3 Bd5 15. Nxd5 Nxd5 16. 0-0 e6 17. Qd3 Be7 18. b4 a6 19. Rab1 0-0 20. g3 Qd7 21. Rfd1 Rfd8 22. Qb3 Qe8 23. a4 Qf7 24. Bd2 Rd7 25. Ra1 Nc7 1/2-1/2

[Event "CRO-chT1A 29th"]
[Site "Mali Losinj"]
[Date "2021.09.28"]
[Round "4.1"]
[White "Plenca, Jadranko"]
[Black "Galic, Ivan"]
[Result "1-0"]
[WhiteElo "2421"]
[BlackElo "2428"]
[PlyCount "75"]
[EventDate "2021.09.25"]
[EventType "team-tourn"]
[EventRounds "9"]
[EventCountry "CRO"]
[SourceTitle "CBM 204 Extra"]
[Source "ChessBase"]
[SourceDate "2021.11.30"]
[SourceVersion "1"]
[SourceVersionDate "2021.11.30"]
[SourceQuality "1"]
[WhiteTeam "Split Mornar"]
[BlackTeam "Sesvete Agroproteinka"]
[WhiteTeamCountry "CRO"]
[BlackTeamCountry "CRO"]

1. e4 c5 2. Nf3 e6 3. d4 cxd4 4. Nxd4 Nc6 5. Nc3 Qc7 6. Be3 a6 7. a3 b5 8. Nxc6 Qxc6 9. h4 Bb7 10. h5 h6 11. Qd2 Rc8 12. Bd4 Nf6 13. 0-0-0 Qc7 14. Bxf6 gxf6 15. Rh3 Bc6 16. Kb1 Qb6 17. Qf4 b4 18. axb4 Qxb4 19. Qxf6 Rg8 20. Rf3 Rg7 21. Nd5 Qxe4 22. Bxa6 Ba4 23. Bxc8 Qxc2+ 24. Ka2 Qc4+ 25. Ka1 Qxc8 26. Rc3 Bc6 27. Kb1 Rxg2 28. Qh4 f5 29. Nf6+ Kf7 30. Nxd7 Bg7 31. Rc2 Rg4 32. Qh1 Re4 33. Qg2 Qa8 34. Qg6+ Kg8 35. Nf6+ Kf8 36. Rxc6 Qxc6 37. Rd8+ Ke7 38. Rd7+ 1-0

[Event "CRO-chT1B 28th"]
[Site "Mali Losinj"]
[Date "2019.09.28"]
[Round "1.23"]
[White "Galic, Ivan"]
[Black "Fercec, Nenad"]
[Result "1/2-1/2"]
[WhiteElo "2414"]
[BlackElo "2439"]
[PlyCount "53"]
[EventDate "2019.09.28"]
[EventType "team-tourn"]
[EventRounds "9"]
[EventCountry "CRO"]
[SourceTitle "EXT 2020"]
[Source "ChessBase"]
[SourceDate "2019.10.17"]
[SourceVersion "1"]
[SourceVersionDate "2019.10.17"]
[SourceQuality "1"]
[WhiteTeam "Dubrovnik"]
[BlackTeam "Pula"]
[WhiteTeamCountry "CRO"]
[BlackTeamCountry "CRO"]

1. e4 c5 2. Nf3 d6 3. d4 cxd4 4. Nxd4 Nf6 5. Nc3 a6 6. Be2 e6 7. f4 Qc7 8. Bf3 Be7 9. 0-0 0-0 10. Be3 Nc6 11. Nxc6 bxc6 12. Na4 Rb8 13. c4 c5 14. Qc2 Bd7 15. Nc3 Bc6 16. e5 dxe5 17. Bxc6 Ng4 18. Rae1 Qxc6 19. fxe5 Nxe3 20. Rxe3 f5 21. exf6 Bxf6 22. Ref3 Bd4+ 23. Kh1 Rxf3 24. Rxf3 Qd6 25. Ne4 Qe5 26. b3 a5 27. a4 1/2-1/2

[Event "CRO-chT1A 27th"]
[Site "Biograd"]
[Date "2018.09.16"]
[Round "9.23"]
[White "Stevic, Hrvoje"]
[Black "Galic, Ivan"]
[Result "1/2-1/2"]
[WhiteElo "2579"]
[BlackElo "2416"]
[PlyCount "104"]
[EventDate "2018.09.08"]
[EventType "team-tourn"]
[EventRounds "9"]
[EventCountry "CRO"]
[SourceTitle "CBM 186 Extra"]
[Source "ChessBase"]
[SourceDate "2018.08.24"]
[SourceVersion "1"]
[SourceVersionDate "2018.08.24"]
[SourceQuality "1"]
[WhiteTeam "Zagreb Zagreb"]
[BlackTeam "Dubrovnik"]
[WhiteTeamCountry "CRO"]
[BlackTeamCountry "CRO"]

1. e4 c5 2. Nf3 e6 3. g3 Nc6 4. Bg2 Nf6 5. Qe2 e5 6. 0-0 Be7 7. c3 0-0 8. d3 h6 9. Na3 Re8 10. Nc4 Bf8 11. Re1 d5 12. exd5 Nxd5 13. Qc2 Qc7 14. Bd2 Bf5 15. Nh4 Be6 16. Nf3 Bf5 17. Nh4 Be6 18. Re2 Be7 19. Nf3 Bf6 20. Rae1 Bg4 21. h3 Bh5 22. g4 Bg6 23. Nfxe5 Ndb4 24. cxb4 Nd4 25. Qd1 Nxe2+ 26. Rxe2 Bxe5 27. Nxe5 Rxe5 28. Bf4 Rae8 29. Rxe5 Rxe5 30. bxc5 Qxc5 31. Bxe5 Qxe5 32. d4 Qc7 33. d5 Qd6 34. Qd4 a6 35. b4 Kf8 36. a4 f6 37. a5 Bf7 38. Qc5 Ke7 39. Be4 g6 40. Kg2 Kd7 41. Bf3 Qe5 42. d6 Qxd6 43. Qxd6+ Kxd6 44. Kg3 Bd5 45. Be2 Ke5 46. f4+ Kd4 47. g5 hxg5 48. fxg5 fxg5 49. b5 axb5 50. Bxb5 Kc5 51. Bf1 Kb4 52. a6 bxa6 1/2-1/2

[Event "CRO-chT1A 27th"]
[Site "Biograd"]
[Date "2018.09.09"]
[Round "2.33"]
[White "Jovanovic, Zoran"]
[Black "Galic, Ivan"]
[Result "1/2-1/2"]
[WhiteElo "2540"]
[BlackElo "2416"]
[PlyCount "45"]
[EventDate "2018.09.08"]
[EventType "team-tourn"]
[EventRounds "9"]
[EventCountry "CRO"]
[SourceTitle "CBM 186 Extra"]
[Source "ChessBase"]
[SourceDate "2018.08.24"]
[SourceVersion "1"]
[SourceVersionDate "2018.08.24"]
[SourceQuality "1"]
[WhiteTeam "Sesvete Sljeme"]
[BlackTeam "Dubrovnik"]
[WhiteTeamCountry "CRO"]
[BlackTeamCountry "CRO"]

1. e4 c5 2. Nf3 e6 3. c4 Nc6 4. d4 cxd4 5. Nxd4 Nf6 6. Nc3 d6 7. Be2 Be7 8. 0-0 0-0 9. Be3 Bd7 10. Qd2 a6 11. Rfd1 Rc8 12. f3 Qc7 13. Rac1 Qb8 14. Nxc6 Bxc6 15. a4 b6 16. Qe1 Nd7 17. Rb1 Bb7 18. Qg3 Rfe8 19. Bd4 Bf8 20. Bf1 Qc7 21. Kh1 Ne5 22. b3 Nd7 23. Rd2 1/2-1/2

[Event "CRO-chT1B 26th"]
[Site "Mali Losinj"]
[Date "2017.10.06"]
[Round "9.53"]
[White "Krstic, Uros"]
[Black "Galic, Ivan"]
[Result "0-1"]
[WhiteElo "2395"]
[BlackElo "2395"]
[PlyCount "94"]
[EventDate "2017.09.28"]
[EventType "team-tourn"]
[EventRounds "9"]
[EventCountry "CRO"]
[SourceTitle "EXT 2019"]
[Source "ChessBase"]
[SourceDate "2018.10.10"]
[SourceVersion "1"]
[SourceVersionDate "2018.10.10"]
[SourceQuality "1"]
[WhiteTeam "Strigova Stridon"]
[BlackTeam "Dubrovnik"]
[WhiteTeamCountry "CRO"]
[BlackTeamCountry "CRO"]

1. e4 c5 2. Nf3 e6 3. d4 cxd4 4. Nxd4 a6 5. Bd3 d6 6. 0-0 Nf6 7. Qe2 Nbd7 8. c3 Qc7 9. Nd2 g6 10. a4 Bg7 11. a5 e5 12. Nc2 d5 13. Nb4 dxe4 14. Nxe4 0-0 15. Nxf6+ Nxf6 16. Bg5 Be6 17. f4 Qc5+ 18. Qf2 Qxf2+ 19. Rxf2 Ng4 20. Re2 h6 21. Be7 Rfe8 22. Bd6 exf4 23. Bxf4 Bf8 24. h3 Bc5+ 25. Kf1 g5 26. Bc7 Ne3+ 27. Ke1 f5 28. Kd2 f4 29. g3 Rac8 30. Bb6 Bxb6 31. axb6 Nc4+ 32. Kc2 Ne3+ 33. Kd2 Nc4+ 34. Kc2 f3 35. Re4 Nd6 36. Rd4 Nf5 37. Bxf5 Bxf5+ 38. Kb3 Bxh3 39. Nd3 Re6 40. Nf2 Rxb6+ 41. Ka3 Be6 42. Re1 Rc5 43. b4 Rxc3+ 44. Kb2 Rc8 45. Nd3 Bf5 46. Ne5 f2 47. Rf1 Re6 0-1

[Event "CRO-chT1B 26th"]
[Site "Mali Losinj"]
[Date "2017.09.30"]
[Round "3.2"]
[White "Zufic, Miroslav"]
[Black "Galic, Ivan"]
[Result "0-1"]
[WhiteElo "2395"]
[BlackElo "2395"]
[PlyCount "114"]
[EventDate "2017.09.28"]
[EventType "team-tourn"]
[EventRounds "9"]
[EventCountry "CRO"]
[SourceTitle "EXT 2018"]
[Source "ChessBase"]
[SourceDate "2017.10.13"]
[SourceVersion "1"]
[SourceVersionDate "2017.10.13"]
[SourceQuality "1"]
[WhiteTeam "Pula"]
[BlackTeam "Dubrovnik"]
[WhiteTeamCountry "CRO"]
[BlackTeamCountry "CRO"]

1. e4 c5 2. Nf3 e6 3. b3 a6 4. Bb2 Nc6 5. c4 Qc7 6. g3 Nge7 7. Bg2 e5 8. Nc3 d6 9. 0-0 g6 10. Nd5 Nxd5 11. cxd5 Ne7 12. b4 b6 13. bxc5 bxc5 14. Bc3 Bd7 15. d3 Bh6 16. Nd2 0-0 17. Nc4 Nc8 18. Ba5 Qa7 19. a4 Rb8 20. Qc2 f5 21. f4 exf4 22. gxf4 fxe4 23. dxe4 Bxf4 24. Bd2 g5 25. Bxf4 gxf4 26. Kh1 Be8 27. e5 dxe5 28. Be4 Qe7 29. Rg1+ Kh8 30. Ra3 f3 31. Bxf3 Nd6 32. Nxd6 Qxd6 33. Be4 Bg6 34. Bxg6 hxg6 35. Rh3+ Kg7 36. Qd2 Rh8 37. Rhg3 Rh6 38. h3 Rb4 39. Kh2 Rd4 40. Qg5 Rxd5 41. Rb1 Rd2+ 42. Rg2 e4+ 43. Kg1 Rd1+ 44. Rxd1 Qxd1+ 45. Kf2 Qd6 46. h4 Kh7 47. Rg4 Rh5 48. Qe3 Qh2+ 49. Ke1 Qh1+ 50. Ke2 Rf5 51. Rxe4 Qf1+ 52. Kd2 Rf2+ 53. Kc3 Rf3 54. Re7+ Kg8 55. Re8+ Kf7 56. Re7+ Kf6 57. Re6+ Kf5 0-1

[Event "CRO-chT1B 26th"]
[Site "Mali Losinj"]
[Date "2017.09.28"]
[Round "1.1"]
[White "Galic, Ivan"]
[Black "Saric, Ibro"]
[Result "0-1"]
[WhiteElo "2395"]
[BlackElo "2553"]
[PlyCount "110"]
[EventDate "2017.09.28"]
[EventType "team-tourn"]
[EventRounds "9"]
[EventCountry "CRO"]
[SourceTitle "EXT 2018"]
[Source "ChessBase"]
[SourceDate "2017.10.13"]
[SourceVersion "1"]
[SourceVersionDate "2017.10.13"]
[SourceQuality "1"]
[WhiteTeam "Dubrovnik"]
[BlackTeam "Split Mornar"]
[WhiteTeamCountry "CRO"]
[BlackTeamCountry "CRO"]

1. e4 c5 2. Nf3 Nc6 3. Bb5 g6 4. 0-0 Bg7 5. Re1 e5 6. Bxc6 dxc6 7. h3 Nh6 8. d3 f6 9. Be3 b6 10. c3 Nf7 11. d4 cxd4 12. cxd4 exd4 13. Bxd4 0-0 14. b4 Qe7 15. Qb3 Be6 16. Qb2 Rfb8 17. Nc3 Qf8 18. Ne2 Qe7 19. Nf4 Rd8 20. Rac1 Rac8 21. a3 Bd7 22. Qc3 Re8 23. Rcd1 Ne5 24. Qb3+ Kh8 25. Bb2 Rcd8 26. Nxe5 fxe5 27. Nd3 Bc8 28. a4 Rd6 29. Re3 Red8 30. Rde1 Be6 31. Qc3 Rd4 32. Qa3 a5 33. Bxd4 exd4 34. Rf3 axb4 35. Nxb4 Rc8 36. Rc1 c5 37. Nd5 Qd6 38. Qb3 Rb8 39. Rb1 Be5 40. Qc4 Rd8 41. Qa6 Bxd5 42. Rxb6 Qd7 43. exd5 Qxd5 44. Rb7 d3 45. Rff7 Qxf7 46. Rxf7 d2 47. Rf8+ Rxf8 48. Qd3 Bf4 49. g3 Re8 50. Kg2 Re1 51. Qc3+ Kg8 52. Qc4+ Kg7 53. Qc3+ Kh6 54. Qxc5 d1Q 55. Qf8+ Kh5 0-1

[Event "CRO-chT1B 25th"]
[Site "Sibenik"]
[Date "2016.10.15"]
[Round "8.5"]
[White "Galic, Ivan"]
[Black "Biti, Ozren"]
[Result "1-0"]
[WhiteElo "2387"]
[BlackElo "2356"]
[PlyCount "93"]
[EventDate "2016.10.08"]
[EventType "team-tourn"]
[EventRounds "9"]
[EventCountry "CRO"]
[SourceTitle "EXT 2017"]
[Source "ChessBase"]
[SourceDate "2016.10.25"]
[SourceVersion "1"]
[SourceVersionDate "2016.10.25"]
[SourceQuality "1"]
[WhiteTeam "Dubrovnik"]
[BlackTeam "Djakovo"]
[WhiteTeamCountry "CRO"]
[BlackTeamCountry "CRO"]

1. d4 d6 2. e4 Nf6 3. Nc3 e5 4. Nf3 Nbd7 5. g4 Nxg4 6. Rg1 Ngf6 7. Be3 c6 8. Qd2 b5 9. 0-0-0 Qa5 10. dxe5 dxe5 11. Kb1 b4 12. Na4 h6 13. Bc4 Ba6 14. Bxa6 Qxa6 15. b3 c5 16. Qe1 Qc6 17. Nd2 Nxe4 18. Nc4 Be7 19. Bc1 Ng5 20. Bxg5 hxg5 21. Nxe5 Nxe5 22. Qxe5 f6 23. Qf5 Kf7 24. Rxg5 Rh6 25. Rg3 g6 26. Qf4 Kg7 27. Rgd3 Rh5 28. Nb2 Rf5 29. Qe3 Re5 30. Qd2 Qe6 31. Rd7 Rf8 32. Rxa7 Rf7 33. Nd3 Re4 34. f3 Rd4 35. Re1 Qd6 36. Qe3 Bf8 37. Rxf7+ Kxf7 38. Qe8+ Kg7 39. Rg1 g5 40. Qe3 Qxh2 41. f4 Bd6 42. fxg5 f5 43. Rf1 Qh4 44. Nxc5 Bxc5 45. Qe5+ Kg8 46. Qxc5 Qg4 47. Rxf5 1-0

[Event "CRO-chT1B 25th"]
[Site "Sibenik"]
[Date "2016.10.08"]
[Round "1.4"]
[White "Galic, Ivan"]
[Black "Cherniaev, Alexander"]
[Result "1-0"]
[WhiteElo "2387"]
[BlackElo "2444"]
[PlyCount "75"]
[EventDate "2016.10.08"]
[EventType "team-tourn"]
[EventRounds "9"]
[EventCountry "CRO"]
[SourceTitle "EXT 2017"]
[Source "ChessBase"]
[SourceDate "2016.10.25"]
[SourceVersion "1"]
[SourceVersionDate "2016.10.25"]
[SourceQuality "1"]
[WhiteTeam "Dubrovnik"]
[BlackTeam "Rijeka Rijeka"]
[WhiteTeamCountry "CRO"]
[BlackTeamCountry "CRO"]

1. e4 c5 2. Nf3 Nc6 3. d4 cxd4 4. Nxd4 Nf6 5. Nc3 e5 6. Ndb5 d6 7. Bg5 a6 8. Na3 b5 9. Nd5 Be7 10. Bxf6 Bxf6 11. c4 b4 12. Nc2 0-0 13. g3 Rb8 14. b3 a5 15. a3 bxa3 16. Nxa3 a4 17. bxa4 Nd4 18. Bg2 Qa5+ 19. Kf1 Nb3 20. Ra2 Qxa4 21. Kg1 Qa5 22. h4 Be6 23. Nxf6+ gxf6 24. Kh2 Nd4 25. Qd2 Qxd2 26. Rxd2 Rfd8 27. Rhd1 Bg4 28. Rxd4 exd4 29. Rxd4 Rb2 30. e5 h5 31. exd6 Rxf2 32. Kg1 Ra2 33. Nb5 Ra1+ 34. Kh2 Ra2 35. Rxg4+ hxg4 36. c5 Ra5 37. c6 Rxb5 38. c7 1-0

[Event "Zenica 19th"]
[Site "Zenica"]
[Date "2016.05.11"]
[Round "4"]
[White "Galic, Ivan"]
[Black "Sutkovic, Damir"]
[Result "1-0"]
[WhiteElo "2355"]
[BlackElo "2316"]
[PlyCount "60"]
[EventDate "2016.05.09"]
[EventType "tourn"]
[EventRounds "9"]
[EventCountry "BIH"]
[SourceTitle "CBM 172 Extra"]
[Source "ChessBase"]
[SourceDate "2016.06.21"]
[SourceVersion "1"]
[SourceVersionDate "2016.06.21"]
[SourceQuality "1"]

1. e4 c5 2. Nf3 e6 3. d4 cxd4 4. Nxd4 Nf6 5. Nc3 d6 6. Be2 a6 7. 0-0 Be7 8. f4 Qc7 9. Bf3 Nc6 10. Nxc6 bxc6 11. Be3 0-0 12. Na4 Rb8 13. c4 c5 14. b3 Bd7 15. Nc3 Bc6 16. Qc2 Rfd8 17. Rad1 Qb7 18. Bf2 a5 19. Bh4 Ne8 20. Bxe7 Qxe7 21. a4 e5 22. f5 Qg5 23. Rd3 g6 24. Bd1 f6 25. Rh3 Ng7 26. Rg3 Qh4 27. fxg6 h5 28. Qd2 f5 29. exf5 Rf8 30. Qh6 Qd4+ 1-0

[Event "Zenica 19th"]
[Site "Zenica"]
[Date "2016.05.10"]
[Round "3"]
[White "Galic, Ivan"]
[Black "Burovic, Rijad"]
[Result "0-1"]
[WhiteElo "2355"]
[BlackElo "2347"]
[PlyCount "124"]
[EventDate "2016.05.09"]
[EventType "tourn"]
[EventRounds "9"]
[EventCountry "BIH"]
[SourceTitle "CBM 172 Extra"]
[Source "ChessBase"]
[SourceDate "2016.06.21"]
[SourceVersion "1"]
[SourceVersionDate "2016.06.21"]
[SourceQuality "1"]

1. e4 e6 2. d4 d5 3. Nc3 Bb4 4. e5 Ne7 5. a3 Bxc3+ 6. bxc3 b6 7. Qg4 Ng6 8. h4 h5 9. Qd1 Ba6 10. Bg5 Qd7 11. Bd3 Bxd3 12. cxd3 c5 13. Ne2 Nc6 14. 0-0 Nge7 15. dxc5 Nxe5 16. cxb6 axb6 17. Ng3 f6 18. Bf4 N5g6 19. Nxh5 Nxf4 20. Nxf4 e5 21. Nh5 Kf7 22. f4 g6 23. fxe5 Rxh5 24. Rxf6+ Kg7 25. e6 Qd6 26. Rf7+ Kh8 27. Qg4 Qc5+ 28. d4 Qxc3 29. Raf1 Qe3+ 30. R1f2 Rh7 31. R7f3 Qh6 32. Qg3 Rg8 33. Qd6 b5 34. Rf7 Qc1+ 35. Rf1 Qe3+ 36. R1f2 Nf5 37. Qxd5 Nxd4 38. Rxh7+ Kxh7 39. e7 Qe1+ 40. Kh2 Qxf2 41. Qxg8+ Kxg8 42. e8Q+ Kg7 43. Qd7+ Kh6 44. Qd8 Qf4+ 45. g3 Qe5 46. Qf8+ Kh7 47. Qf7+ Qg7 48. Qf4 Nf5 49. a4 Qb2+ 50. Kh3 b4 51. h5 Qc3 52. a5 b3 53. a6 b2 54. a7 Qc6 55. Qf1 Qc7 56. Qd3 Qxa7 57. Qb3 Qc7 58. hxg6+ Kxg6 59. Qe6+ Kg5 60. Qg8+ Qg7 61. Qd8+ Kh6 62. Qb6+ Qg6 0-1

[Event "CRO-chT1B 24th"]
[Site "Bol"]
[Date "2015.10.09"]
[Round "7.43"]
[White "Galic, Ivan"]
[Black "Biti, Ozren"]
[Result "1-0"]
[WhiteElo "2367"]
[BlackElo "2337"]
[PlyCount "97"]
[EventDate "2015.10.03"]
[EventType "team-tourn"]
[EventRounds "9"]
[EventCountry "CRO"]
[SourceTitle "CBM 168 Extra"]
[Source "ChessBase"]
[SourceDate "2015.10.29"]
[SourceVersion "1"]
[SourceVersionDate "2015.10.29"]
[SourceQuality "1"]
[WhiteTeam "Dubrovnik"]
[BlackTeam "Djakovo Limmont"]
[WhiteTeamCountry "CRO"]
[BlackTeamCountry "CRO"]

1. e4 d6 2. d4 Nf6 3. f3 e5 4. Ne2 exd4 5. Nxd4 d5 6. e5 Nfd7 7. f4 Nb6 8. a4 c5 9. Bb5+ Bd7 10. e6 Bxb5 11. exf7+ Kxf7 12. Nxb5 a6 13. N5c3 Qe7+ 14. Kf2 d4 15. a5 dxc3 16. axb6 Nc6 17. Qd5+ Qe6 18. Nxc3 Rd8 19. Qxe6+ Kxe6 20. Re1+ Kf7 21. Be3 Be7 22. Ne4 Rhe8 23. g3 Bf8 24. Kf3 Nb4 25. Re2 Nd5 26. Rae1 Rc8 27. Bd2 h6 28. Ba5 Red8 29. Rd1 Nb4 30. Red2 Rxd2 31. Rxd2 Ke6 32. c4 Nc6 33. Bc3 Nb8 34. Be5 Nc6 35. Bc3 Nb8 36. g4 Nd7 37. f5+ Ke7 38. Rd6 Ke8 39. Re6+ Kf7 40. Nd6+ Bxd6 41. Rxd6 Nb8 42. Rg6 Rg8 43. h4 Nd7 44. g5 hxg5 45. hxg5 Nf8 46. Rd6 Ke7 47. Be5 g6 48. Kf4 Kf7 49. Bf6 1-0

[Event "CRO-chT1B 24th"]
[Site "Bol"]
[Date "2015.10.04"]
[Round "2.22"]
[White "Sinanovic, Muhamed"]
[Black "Galic, Ivan"]
[Result "1-0"]
[WhiteElo "2419"]
[BlackElo "2367"]
[PlyCount "89"]
[EventDate "2015.10.03"]
[EventType "team-tourn"]
[EventRounds "9"]
[EventCountry "CRO"]
[SourceTitle "CBM 168 Extra"]
[Source "ChessBase"]
[SourceDate "2015.10.29"]
[SourceVersion "1"]
[SourceVersionDate "2015.10.29"]
[SourceQuality "1"]
[WhiteTeam "Bibinje Goran"]
[BlackTeam "Dubrovnik"]
[WhiteTeamCountry "CRO"]
[BlackTeamCountry "CRO"]

1. c4 Nf6 2. Nc3 e5 3. g3 Bb4 4. Bg2 0-0 5. Nf3 e4 6. Ng5 Bxc3 7. bxc3 Re8 8. f3 e3 9. d3 d5 10. cxd5 Nxd5 11. f4 h6 12. Qb3 c6 13. Nf3 Qa5 14. Bb2 Nd7 15. 0-0 Nc5 16. Qa3 Qxa3 17. Bxa3 Nd7 18. Rfc1 Nc7 19. c4 c5 20. d4 Rb8 21. Rab1 Ne6 22. d5 Nef8 23. Rc3 b6 24. Bc1 Ba6 25. a4 Nh7 26. Rbb3 Nhf6 27. Bxe3 Ne4 28. Rc2 Nd6 29. Nd2 Nf6 30. Bf3 Nfe4 31. Nxe4 Nxe4 32. f5 Rbd8 33. Bf4 Bc8 34. g4 Bd7 35. Ra2 h5 36. h3 hxg4 37. hxg4 g6 38. fxg6 fxg6 39. a5 bxa5 40. Rxa5 g5 41. Bc1 Nd6 42. Bxg5 Ra8 43. Rxc5 Rec8 44. Rxc8+ Rxc8 45. Bf4 1-0

[Event "CRO-CupT final"]
[Site "Sibenik"]
[Date "2015.05.24"]
[Round "6.7"]
[White "Plenca, Julian"]
[Black "Galic, Ivan"]
[Result "1-0"]
[WhiteElo "2404"]
[BlackElo "2400"]
[PlyCount "79"]
[EventDate "2015.05.20"]
[EventType "team-swiss"]
[EventRounds "6"]
[EventCountry "CRO"]
[SourceTitle "CBM 166 Extra"]
[Source "ChessBase"]
[SourceDate "2015.06.18"]
[SourceVersion "1"]
[SourceVersionDate "2015.06.18"]
[SourceQuality "1"]
[WhiteTeam "Novo Virje Konaki"]
[BlackTeam "Dubrovnik"]
[WhiteTeamCountry "CRO"]
[BlackTeamCountry "CRO"]

1. e4 c5 2. Nf3 e6 3. d4 cxd4 4. Nxd4 a6 5. Bd3 Bc5 6. Nb3 Be7 7. 0-0 d6 8. Qg4 g6 9. c4 Nf6 10. Qe2 0-0 11. Bh6 Re8 12. Nc3 Nbd7 13. f4 Qc7 14. Rae1 Nc5 15. e5 Ng4 16. Qxg4 Nxd3 17. Rd1 Qb6+ 18. Kh1 Nxb2 19. Rd4 a5 20. Ne4 a4 21. Rxd6 Qe3 22. Nbc5 Nxc4 23. Bg5 f5 24. Qh4 Nxd6 25. exd6 fxe4 26. Bxe7 Qxc5 27. d7 Qb5 28. dxe8Q+ Qxe8 29. Bb4 Bd7 30. Bc3 Qd8 31. Qg3 Bb5 32. Qg4 Qd5 33. Re1 Rc8 34. Be5 e3 35. h4 Bd3 36. Rxe3 Rc2 37. Rxd3 Rxg2 38. Rxd5 Rxg4 39. Rd8+ Kf7 40. Rd7+ 1-0

[Event "Zagreb op"]
[Site "Zagreb"]
[Date "2015.04.21"]
[Round "6"]
[White "Palac, Mladen"]
[Black "Galic, Ivan"]
[Result "1-0"]
[WhiteElo "2581"]
[BlackElo "2391"]
[PlyCount "101"]
[EventDate "2015.04.17"]
[EventType "swiss"]
[EventRounds "9"]
[EventCountry "CRO"]
[SourceTitle "CBM 166 Extra"]
[Source "ChessBase"]
[SourceDate "2015.06.18"]
[SourceVersion "1"]
[SourceVersionDate "2015.06.18"]
[SourceQuality "1"]

1. e4 c5 2. Nf3 e6 3. d4 cxd4 4. Nxd4 Nc6 5. Nc3 Qc7 6. Be2 a6 7. 0-0 Nf6 8. Be3 Be7 9. f4 d6 10. Qe1 0-0 11. Qg3 Kh8 12. Rad1 Bd7 13. Nf3 Nb4 14. Ne1 Bb5 15. Bxb5 axb5 16. a3 Na6 17. e5 dxe5 18. fxe5 Nh5 19. Qf2 Qxe5 20. Rd7 Bc5 21. Bxc5 Nxc5 22. Rxf7 Rxf7 23. Qxf7 Nf6 24. Nf3 Qd6 25. Nxb5 Qb6 26. Nfd4 e5 27. Qc7 Qxc7 28. Nxc7 Rc8 29. Ndb5 Kg8 30. Rd1 Na4 31. b3 Nc3 32. Nxc3 Rxc7 33. Rd3 h5 34. h3 h4 35. Re3 Kf7 36. Nb5 Rxc2 37. Rxe5 Rd2 38. Kf1 Kg6 39. Nc3 Rd3 40. Rc5 Nd7 41. Rc7 Ne5 42. b4 Kf5 43. a4 Nc6 44. Ne2 Ke4 45. Kf2 Rd2 46. Rxb7 Ne5 47. Re7 Ra2 48. b5 Kf5 49. b6 Rxa4 50. b7 Rb4 51. Nd4+ 1-0